| 000 | 00554nam a22001577a 4500 | ||
|---|---|---|---|
| 003 | SISC | ||
| 005 | 20161007103915.0 | ||
| 008 | 161007b xxu||||| |||| 00| 0 eng d | ||
| 020 | _a9781632401694 | ||
| 050 |
_aTK 7895.E42 _b.Em53 2015 |
||
| 245 |
_aEmbedded systems : _bhigh performance systems, applied principles and practice / _cedited by Alan Moore. |
||
| 260 |
_aNew Jersey : _bClanrye International, _c2015. |
||
| 300 |
_avii, 2852 pages : _billustrations (some color) ; _c23 cm. |
||
| 500 | _aincludes bibliographical references. | ||
| 942 |
_2lcc _cBK |
||
| 999 |
_c305156 _d305156 |
||